[Event "Summer Prague Open 2022 - A"]
[Site "Olympik hotel, Sokolovska 138, Praha"]
[Date "2022.08.10"]
[Round "7"]
[Board "1"]
[White "Mirzoev, Azer"]
[Black "Roubalik, Jakub"]
[Result "1/2-1/2"]
[WhiteElo "2435"]
[BlackElo "2367"]
[PlyCount "0"]
[EventDate "2022.08.05"]
[EventRounds "9"]
[EventCountry "CZE"]

1. d4 {[%clk 1:30:06]} Nf6 {[%clk 1:30:46]} 2. Nf3 {[%clk 1:30:29]} e6
{[%clk 1:31:04]} 3. c4 {[%clk 1:30:57]} d5 {[%clk 1:31:16]} 4. g3
{[%clk 1:31:21]} dxc4 {[%clk 1:31:27]} 5. Qa4+ {[%clk 1:31:33]} Nbd7
{[%clk 1:31:30]} 6. Bg2 {[%clk 1:31:47]} a6 {[%clk 1:31:17]} 7. Qxc4
{[%clk 1:31:53]} b5 {[%clk 1:31:28]} 8. Qc6 {[%clk 1:32:03]} Ra7 {[%clk 1:31:47]}
9. Be3 {[%clk 1:28:27]} Bb7 {[%clk 1:15:54]} 10. Qc1 {[%clk 1:27:40]} Nd5
{[%clk 1:14:53]} 11. Bg5 {[%clk 1:26:39]} f6 {[%clk 1:03:33]} 12. Bd2
{[%clk 1:25:12]} c5 {[%clk 1:03:22]} 13. O-O {[%clk 1:20:46]} Qb6
{[%clk 0:57:05]} 14. dxc5 {[%clk 1:05:02]} Bxc5 {[%clk 0:54:27]} 15. a3
{[%clk 1:03:30]} a5 {[%clk 0:50:50]} 16. Nc3 {[%clk 0:47:45]} O-O
{[%clk 0:42:43]} 17. Ne4 {[%clk 0:41:55]} Be7 {[%clk 0:41:50]} 18. Qb1
{[%clk 0:38:55]} Raa8 {[%clk 0:36:45]} 19. Rd1 {[%clk 0:34:59]} Nc5
{[%clk 0:32:54]} 20. Nxc5 {[%clk 0:35:14]} Bxc5 {[%clk 0:33:13]} 21. Be1
{[%clk 0:34:08]} b4 {[%clk 0:30:46]} 22. axb4 {[%clk 0:33:43]} axb4
{[%clk 0:25:32]} 23. Rxa8 {[%clk 0:34:05]} Rxa8 {[%clk 0:25:54]} 24. Nd2
{[%clk 0:33:20]} Qb5 {[%clk 0:17:58]} 25. Bf3 {[%clk 0:26:54]} Be7
{[%clk 0:09:15]} 26. Nb3 {[%clk 0:25:16]} Qb6 {[%clk 0:07:01]} 27. Bd2
{[%clk 0:20:50]} f5 {[%clk 0:05:54]} 28. Rc1 {[%clk 0:18:07]} Rd8
{[%clk 0:05:03]} 29. Be1 {[%clk 0:14:48]} h6 {[%clk 0:03:41]} 30. Qc2
{[%clk 0:11:25]} Rc8 {[%clk 0:03:26]} 31. Qd1 {[%clk 0:10:39]} Rxc1
{[%clk 0:03:09]} 32. Qxc1 {[%clk 0:10:47]} Nf6 {[%clk 0:02:19]} 33. Bxb7
{[%clk 0:09:05]} Qxb7 {[%clk 0:02:48]} 34. Nd4 {[%clk 0:09:02]} Qe4
{[%clk 0:02:46]} 35. Qc4 {[%clk 0:05:48]} Nd5 {[%clk 0:03:14]} 36. e3
{[%clk 0:03:28]} Kf7 {[%clk 0:02:47]} 37. Qc2 {[%clk 0:03:16]} Qxc2
{[%clk 0:02:39]} 38. Nxc2 {[%clk 0:03:45]} Bf6 {[%clk 0:01:04]} 39. Nxb4
{[%clk 0:03:09]} Nxb4 {[%clk 0:01:27]} 40. Bxb4 {[%clk 0:03:36]}  1/2-1/2

[Event "Summer Prague Open 2022 - A"]
[Site "Olympik hotel, Sokolovska 138, Praha"]
[Date "2022.08.10"]
[Round "7"]
[Board "2"]
[White "Ranaldi, Lucas"]
[Black "Cernousek, Lukas"]
[Result "0-1"]
[WhiteElo "2339"]
[BlackElo "2429"]
[PlyCount "0"]
[EventDate "2022.08.05"]
[EventRounds "9"]
[EventCountry "CZE"]

1. c4 {[%clk 1:29:38]} c5 {[%clk 1:30:35]} 2. Nf3 {[%clk 1:29:56]} Nc6
{[%clk 1:30:59]} 3. Nc3 {[%clk 1:29:46]} e5 {[%clk 1:31:23]} 4. g3
{[%clk 1:29:34]} g6 {[%clk 1:31:45]} 5. Bg2 {[%clk 1:29:57]} Bg7 {[%clk 1:32:11]}
6. O-O {[%clk 1:30:01]} d6 {[%clk 1:32:36]} 7. d3 {[%clk 1:27:12]} Nge7
{[%clk 1:32:59]} 8. Bd2 {[%clk 1:26:44]} O-O {[%clk 1:32:35]} 9. a3
{[%clk 1:25:57]} a5 {[%clk 1:21:46]} 10. Rb1 {[%clk 1:20:42]} Rb8
{[%clk 1:20:25]} 11. Ne1 {[%clk 1:08:41]} Be6 {[%clk 1:20:48]} 12. Nc2
{[%clk 1:07:19]} d5 {[%clk 1:20:48]} 13. cxd5 {[%clk 1:06:55]} Nxd5
{[%clk 1:21:16]} 14. Nxd5 {[%clk 1:05:32]} Bxd5 {[%clk 1:21:43]} 15. b4
{[%clk 1:00:19]} Bxg2 {[%clk 1:05:08]} 16. Kxg2 {[%clk 1:00:40]} Qd5+
{[%clk 1:05:25]} 17. Kg1 {[%clk 0:51:00]} axb4 {[%clk 0:52:41]} 18. axb4
{[%clk 0:51:17]} cxb4 {[%clk 0:53:06]} 19. Nxb4 {[%clk 0:51:12]} Nxb4
{[%clk 0:53:29]} 20. Rxb4 {[%clk 0:50:48]} Rfc8 {[%clk 0:41:48]} 21. Qb3
{[%clk 0:46:43]} Qxb3 {[%clk 0:32:13]} 22. Rxb3 {[%clk 0:47:05]} Rc2
{[%clk 0:29:55]} 23. Be3 {[%clk 0:45:01]} Rxe2 {[%clk 0:20:25]} 24. Rc1
{[%clk 0:42:51]} Bf8 {[%clk 0:19:00]} 25. Ba7 {[%clk 0:40:09]} Re8
{[%clk 0:15:55]} 26. Rc7 {[%clk 0:30:49]} b5 {[%clk 0:16:13]} 27. Rxb5
{[%clk 0:28:51]} Re7 {[%clk 0:14:32]} 28. Rxe7 {[%clk 0:28:40]} Bxe7
{[%clk 0:14:13]} 29. Be3 {[%clk 0:27:46]} f6 {[%clk 0:11:02]} 30. Bh6
{[%clk 0:12:38]} g5 {[%clk 0:05:51]} 31. h4 {[%clk 0:12:51]} gxh4
{[%clk 0:04:20]} 32. gxh4 {[%clk 0:12:46]} Rc2 {[%clk 0:02:07]} 33. Rb8+
{[%clk 0:05:09]} Kf7 {[%clk 0:02:37]} 34. h5 {[%clk 0:03:00]} Bc5
{[%clk 0:01:48]} 35. Rb7+ {[%clk 0:03:25]} Ke6 {[%clk 0:02:04]} 36. Rxh7
{[%clk 0:03:27]} Rxf2 {[%clk 0:02:14]} 37. Bg7 {[%clk 0:01:57]} Kf5
{[%clk 0:01:45]} 38. Rh6 {[%clk 0:00:48]} Rf4+ {[%clk 0:01:09]} 39. Kh2
{[%clk 0:00:58]} Rh4+ {[%clk 0:01:31]} 40. Kg3 {[%clk 0:01:15]} Rg4+
{[%clk 0:01:55]} 41. Kf3 {[%clk 0:01:04]} Rxg7 {[%clk 0:01:57]} 42. Rh8
{[%clk 0:01:27]} Rd7 {[%clk 0:29:28]} 43. Ke2 {[%clk 0:30:26]} Bd4
{[%clk 0:29:23]} 44. Kf3 {[%clk 0:30:38]} Kg5 {[%clk 0:29:29]} 45. Rg8+
{[%clk 0:27:47]} Kf5 {[%clk 0:25:35]} 46. Rh8 {[%clk 0:27:15]} Ra7
{[%clk 0:25:50]} 47. h6 {[%clk 0:26:56]} Kg6 {[%clk 0:26:08]} 48. Ke4
{[%clk 0:27:19]} f5+ {[%clk 0:26:25]} 49. Kd5 {[%clk 0:27:33]} Rh7
{[%clk 0:26:37]} 50. Rg8+ {[%clk 0:25:47]} Kf7 {[%clk 0:27:00]} 51. Rg5
{[%clk 0:20:04]} Kf6 {[%clk 0:27:23]} 52. Rg8 {[%clk 0:20:27]} Rxh6
{[%clk 0:27:46]} 53. Rf8+ {[%clk 0:20:45]} Kg5 {[%clk 0:28:07]} 54. Rxf5+
{[%clk 0:19:45]} Kxf5 {[%clk 0:28:28]}  0-1

[Event "Summer Prague Open 2022 - A"]
[Site "Olympik hotel, Sokolovska 138, Praha"]
[Date "2022.08.10"]
[Round "7"]
[Board "3"]
[White "Lutsko, Artem"]
[Black "Kulhanek, Tomas"]
[Result "1-0"]
[WhiteElo "2407"]
[BlackElo "2319"]
[PlyCount "0"]
[EventDate "2022.08.05"]
[EventRounds "9"]
[EventCountry "CZE"]

1. d4 {[%clk 1:30:58]} Nf6 {[%clk 1:28:42]} 2. c4 {[%clk 1:31:24]} e6
{[%clk 1:29:02]} 3. Nf3 {[%clk 1:31:50]} Bb4+ {[%clk 1:28:30]} 4. Bd2
{[%clk 1:32:16]} a5 {[%clk 1:28:35]} 5. g3 {[%clk 1:25:16]} d6 {[%clk 1:27:13]}
6. Bg2 {[%clk 1:25:14]} Nbd7 {[%clk 1:27:19]} 7. O-O {[%clk 1:24:51]} e5
{[%clk 1:27:39]} 8. Bc1 {[%clk 1:06:14]} exd4 {[%clk 1:27:41]} 9. Nxd4
{[%clk 1:06:40]} O-O {[%clk 1:27:11]} 10. Nc2 {[%clk 1:07:07]} Bc5
{[%clk 1:26:26]} 11. Nc3 {[%clk 1:07:34]} Re8 {[%clk 1:23:34]} 12. b3
{[%clk 1:05:10]} Ne5 {[%clk 1:14:33]} 13. Be3 {[%clk 1:04:05]} Qe7
{[%clk 1:08:55]} 14. Bxc5 {[%clk 0:46:10]} dxc5 {[%clk 1:07:48]} 15. Nd5
{[%clk 0:46:35]} Nxd5 {[%clk 1:05:05]} 16. cxd5 {[%clk 0:47:00]} Bd7
{[%clk 0:52:44]} 17. f4 {[%clk 0:43:17]} Ng4 {[%clk 0:47:22]} 18. e4
{[%clk 0:43:42]} f6 {[%clk 0:47:21]} 19. Qd2 {[%clk 0:37:25]} a4 {[%clk 0:45:34]}
20. Qc3 {[%clk 0:37:09]} c6 {[%clk 0:41:10]} 21. h3 {[%clk 0:37:04]} Nh6
{[%clk 0:41:38]} 22. Ne3 {[%clk 0:37:29]} Nf7 {[%clk 0:40:49]} 23. Rae1
{[%clk 0:23:34]} axb3 {[%clk 0:39:08]} 24. axb3 {[%clk 0:23:58]} Ra2
{[%clk 0:35:41]} 25. g4 {[%clk 0:13:23]} Nd6 {[%clk 0:28:40]} 26. Qd3
{[%clk 0:07:27]} Kh8 {[%clk 0:19:52]} 27. e5 {[%clk 0:06:21]} fxe5
{[%clk 0:09:19]} 28. fxe5 {[%clk 0:06:48]} Nb5 {[%clk 0:07:25]} 29. e6
{[%clk 0:06:34]} Bc8 {[%clk 0:07:33]} 30. Rf7 {[%clk 0:06:21]} Qh4
{[%clk 0:07:10]} 31. Ref1 {[%clk 0:06:18]} Rg8 {[%clk 0:06:56]} 32. Rf8
{[%clk 0:03:23]} Nd4 {[%clk 0:06:30]} 33. Nf5 {[%clk 0:03:37]} Nxf5
{[%clk 0:06:01]} 34. Qxf5 {[%clk 0:04:01]} Qe7 {[%clk 0:05:26]} 35. Rxg8+
{[%clk 0:04:27]} Kxg8 {[%clk 0:05:52]} 36. d6 {[%clk 0:04:50]}  1-0

[Event "Summer Prague Open 2022 - A"]
[Site "Olympik hotel, Sokolovska 138, Praha"]
[Date "2022.08.10"]
[Round "7"]
[Board "5"]
[White "Brejnik, Gustav"]
[Black "Sarkar, Justin"]
[Result "1/2-1/2"]
[WhiteElo "2300"]
[BlackElo "2352"]
[PlyCount "0"]
[EventDate "2022.08.05"]
[EventRounds "9"]
[EventCountry "CZE"]

1. d4 {[%clk 1:30:58]} Nf6 {[%clk 1:30:21]} 2. c4 {[%clk 1:31:21]} e6
{[%clk 1:30:19]} 3. g3 {[%clk 1:31:37]} c5 {[%clk 1:28:19]} 4. d5
{[%clk 1:31:51]} d6 {[%clk 1:27:35]} 5. Nc3 {[%clk 1:31:48]} exd5
{[%clk 1:27:59]} 6. cxd5 {[%clk 1:32:14]} g6 {[%clk 1:27:59]} 7. Bg2
{[%clk 1:32:40]} Bg7 {[%clk 1:28:18]} 8. Nf3 {[%clk 1:33:05]} O-O
{[%clk 1:28:30]} 9. O-O {[%clk 1:33:31]} a6 {[%clk 1:26:34]} 10. a4
{[%clk 1:32:03]} Nbd7 {[%clk 1:26:45]} 11. Bf4 {[%clk 1:32:10]} Qe7
{[%clk 1:26:44]} 12. h3 {[%clk 1:27:53]} h6 {[%clk 1:19:30]} 13. Qc1
{[%clk 1:19:08]} g5 {[%clk 1:15:16]} 14. Bd2 {[%clk 1:19:01]} Rb8
{[%clk 1:10:46]} 15. h4 {[%clk 1:09:08]} g4 {[%clk 1:11:05]} 16. Ne1
{[%clk 1:09:34]} Kh7 {[%clk 1:09:51]} 17. Qc2+ {[%clk 0:50:02]} Kh8
{[%clk 1:10:07]} 18. Nd3 {[%clk 0:50:03]} b5 {[%clk 1:05:13]} 19. axb5
{[%clk 0:49:27]} axb5 {[%clk 1:05:35]} 20. Ra7 {[%clk 0:49:22]} b4
{[%clk 1:04:04]} 21. Na4 {[%clk 0:37:42]} Rb7 {[%clk 0:57:25]} 22. Ra8
{[%clk 0:34:43]} Rb8 {[%clk 0:57:46]} 23. Ra7 {[%clk 0:33:08]} Rb7
{[%clk 0:56:16]} 24. Ra8 {[%clk 0:33:35]} Rb8 {[%clk 0:56:08]}  1/2-1/2

[Event "Summer Prague Open 2022 - A"]
[Site "Olympik hotel, Sokolovska 138, Praha"]
[Date "2022.08.10"]
[Round "7"]
[Board "6"]
[White "Kvaloy, Aksel Bu"]
[Black "Kaspi, Alexander"]
[Result "0-1"]
[WhiteElo "2266"]
[BlackElo "2412"]
[PlyCount "0"]
[EventDate "2022.08.05"]
[EventRounds "9"]
[EventCountry "CZE"]

1. e4 {[%clk 1:30:54]} c5 {[%clk 1:30:48]} 2. Nf3 {[%clk 1:31:08]} d6
{[%clk 1:31:11]} 3. d4 {[%clk 1:31:16]} cxd4 {[%clk 1:31:32]} 4. Nxd4
{[%clk 1:31:43]} Nf6 {[%clk 1:31:55]} 5. Nc3 {[%clk 1:31:57]} a6 {[%clk 1:32:18]}
6. Bg5 {[%clk 1:32:08]} e6 {[%clk 1:32:23]} 7. f4 {[%clk 1:32:08]} Be7
{[%clk 1:32:45]} 8. Qf3 {[%clk 1:32:01]} Qc7 {[%clk 1:33:06]} 9. O-O-O
{[%clk 1:32:01]} h6 {[%clk 1:32:25]} 10. Bh4 {[%clk 1:31:45]} Nbd7
{[%clk 1:32:43]} 11. Be2 {[%clk 1:31:41]} Rb8 {[%clk 1:24:04]} 12. g4
{[%clk 1:16:14]} b5 {[%clk 1:20:18]} 13. Bxf6 {[%clk 1:08:26]} gxf6
{[%clk 1:17:25]} 14. Bd3 {[%clk 0:58:54]} b4 {[%clk 1:15:17]} 15. Nce2
{[%clk 0:51:56]} Bb7 {[%clk 1:15:07]} 16. Kb1 {[%clk 0:51:27]} Nc5
{[%clk 1:15:05]} 17. Ng3 {[%clk 0:38:16]} a5 {[%clk 1:10:47]} 18. Bb5+
{[%clk 0:23:34]} Kf8 {[%clk 1:10:25]} 19. f5 {[%clk 0:15:54]} e5 {[%clk 1:07:59]}
20. Nb3 {[%clk 0:14:35]} Nxe4 {[%clk 0:59:16]} 21. Nxe4 {[%clk 0:14:51]} Bxe4
{[%clk 0:59:35]} 22. Qxe4 {[%clk 0:15:18]} Rxb5 {[%clk 0:59:58]} 23. Rd3
{[%clk 0:12:56]} Kg7 {[%clk 0:59:23]} 24. Rhd1 {[%clk 0:07:45]} a4
{[%clk 0:58:08]} 25. Nd2 {[%clk 0:07:36]} Rc8 {[%clk 0:57:44]} 26. Rc1
{[%clk 0:07:51]} a3 {[%clk 0:52:47]} 27. b3 {[%clk 0:07:21]} d5 {[%clk 0:52:32]}
28. Qe2 {[%clk 0:07:42]} Rc5 {[%clk 0:52:38]} 29. Nf1 {[%clk 0:07:45]} e4
{[%clk 0:51:33]} 30. Rh3 {[%clk 0:08:09]} Qe5 {[%clk 0:51:43]} 31. c4
{[%clk 0:08:21]} bxc3 {[%clk 0:50:58]} 32. Qe3 {[%clk 0:08:25]} Kf8
{[%clk 0:49:21]} 33. Rxh6 {[%clk 0:08:39]} Bd6 {[%clk 0:47:57]} 34. Rh8+
{[%clk 0:08:15]} Ke7 {[%clk 0:48:14]} 35. Rxc8 {[%clk 0:08:39]} Rxc8
{[%clk 0:48:40]} 36. Qa7+ {[%clk 0:08:45]} Rc7 {[%clk 0:49:00]} 37. Qa5
{[%clk 0:08:33]} d4 {[%clk 0:48:28]} 38. Qxe5+ {[%clk 0:08:55]} Bxe5
{[%clk 0:48:45]} 39. Ka1 {[%clk 0:09:17]} c2 {[%clk 0:48:52]} 40. g5
{[%clk 0:09:37]} d3# {[%clk 0:49:16]}  0-1

[Event "Summer Prague Open 2022 - A"]
[Site "Olympik hotel, Sokolovska 138, Praha"]
[Date "2022.08.10"]
[Round "7"]
[Board "7"]
[White "Mannion, Stephen R"]
[Black "Zanan, Evgeny"]
[Result "0-1"]
[WhiteElo "2232"]
[BlackElo "2510"]
[PlyCount "0"]
[EventDate "2022.08.05"]
[EventRounds "9"]
[EventCountry "CZE"]

1. e4 {[%clk 1:30:33]} c5 {[%clk 1:26:39]} 2. Nf3 {[%clk 1:30:57]} d6
{[%clk 1:26:52]} 3. d4 {[%clk 1:31:17]} cxd4 {[%clk 1:27:18]} 4. Nxd4
{[%clk 1:31:42]} Nf6 {[%clk 1:27:44]} 5. Nc3 {[%clk 1:32:05]} a6 {[%clk 1:28:09]}
6. f3 {[%clk 1:32:26]} e5 {[%clk 1:28:15]} 7. Nb3 {[%clk 1:32:50]} Be6
{[%clk 1:28:39]} 8. Be3 {[%clk 1:33:10]} Nc6 {[%clk 1:19:58]} 9. Qd2
{[%clk 1:16:19]} Rc8 {[%clk 1:03:40]} 10. Be2 {[%clk 1:07:13]} Ne7
{[%clk 0:44:45]} 11. O-O {[%clk 0:39:47]} d5 {[%clk 0:44:17]} 12. exd5 Nexd5
{[%clk 0:44:33]} 13. Nxd5 {[%clk 0:40:21]} Nxd5 {[%clk 0:42:46]} 14. Bf2
{[%clk 0:39:43]} Be7 {[%clk 0:39:35]} 15. Bd3 {[%clk 0:37:01]} Nb4
{[%clk 0:24:52]} 16. Rfd1 {[%clk 0:32:25]} Nxd3 {[%clk 0:24:40]} 17. cxd3
{[%clk 0:28:36]} O-O 18. d4 Qd5 {[%clk 0:19:04]} 19. dxe5 {[%clk 0:25:55]} Qxe5
{[%clk 0:19:27]} 20. Nd4 {[%clk 0:16:14]} Bg5 {[%clk 0:19:27]} 21. Qe1
{[%clk 0:16:08]} Qxe1+ {[%clk 0:19:41]} 22. Rxe1 {[%clk 0:16:13]} Bd7
{[%clk 0:19:19]} 23. Rad1 {[%clk 0:09:43]} Rfd8 {[%clk 0:19:33]} 24. Nb3
{[%clk 0:09:05]} Bb5 {[%clk 0:10:06]} 25. Rxd8+ {[%clk 0:04:44]} Rxd8
{[%clk 0:10:29]} 26. Nc5 {[%clk 0:05:03]} Bc6 {[%clk 0:10:47]} 27. Ne4
{[%clk 0:04:58]} Bh6 {[%clk 0:06:39]} 28. Be3 {[%clk 0:03:42]} f5
{[%clk 0:01:58]} 29. Bxh6 {[%clk 0:01:44]} fxe4 {[%clk 0:02:25]} 30. Bg5
{[%clk 0:02:01]} Rd5 {[%clk 0:02:52]} 31. h4 {[%clk 0:02:17]} exf3
{[%clk 0:03:02]} 32. gxf3 {[%clk 0:02:43]} Rf5 {[%clk 0:02:51]} 33. Re3
{[%clk 0:00:56]} h6 {[%clk 0:03:01]} 34. Be7 {[%clk 0:01:01]} Bxf3
{[%clk 0:03:24]} 35. a3 {[%clk 0:01:18]} Bc6 {[%clk 0:03:31]} 36. b4
{[%clk 0:00:53]} Rf4 {[%clk 0:03:04]} 37. Kh2 {[%clk 0:00:57]} Rg4
{[%clk 0:01:23]} 38. Rg3 {[%clk 0:00:34]} Re4 {[%clk 0:01:46]} 39. Bf6
{[%clk 0:00:58]} Kf7 {[%clk 0:02:14]} 40. Bxg7 {[%clk 0:01:23]} Rxh4+
{[%clk 0:02:41]} 41. Kg1 {[%clk 0:01:08]} h5 {[%clk 0:02:36]} 42. Be5
{[%clk 0:22:24]} Ke6 {[%clk 0:31:51]} 43. Bb8 {[%clk 0:20:41]} Kd5
{[%clk 0:29:06]} 44. Bc7 {[%clk 0:13:24]} Kc4 {[%clk 0:29:09]} 45. Bd8
{[%clk 0:13:10]} Rh1+ {[%clk 0:28:51]} 46. Kf2 {[%clk 0:13:34]} Kb5
{[%clk 0:28:40]} 47. Rg5+ {[%clk 0:05:57]} Ka4 {[%clk 0:28:27]} 48. Be7
{[%clk 0:04:51]} Rh3 {[%clk 0:23:22]} 49. Ra5+ {[%clk 0:04:34]} Kb3
{[%clk 0:23:46]} 50. Rf5 {[%clk 0:04:06]} h4 {[%clk 0:12:48]} 51. Rh5
{[%clk 0:04:24]} Rf3+ {[%clk 0:06:04]} 52. Ke2 {[%clk 0:04:43]} Rf7
{[%clk 0:06:30]} 53. Re5 {[%clk 0:04:27]} h3 {[%clk 0:06:41]} 54. Bd6
{[%clk 0:03:14]} Bb5+ {[%clk 0:05:18]} 55. Kd2 {[%clk 0:02:58]} Rd7
{[%clk 0:05:01]} 56. Re3+ {[%clk 0:01:14]} Kb2 {[%clk 0:04:53]}  0-1

[Event "Summer Prague Open 2022 - A"]
[Site "Olympik hotel, Sokolovska 138, Praha"]
[Date "2022.08.10"]
[Round "7"]
[Board "8"]
[White "Lalic, Bogdan"]
[Black "Guz, Ari"]
[Result "1-0"]
[WhiteElo "2415"]
[BlackElo "2308"]
[PlyCount "0"]
[EventDate "2022.08.05"]
[EventRounds "9"]
[EventCountry "CZE"]

1. d4 {[%clk 1:29:59]} Nf6 {[%clk 1:27:58]} 2. c4 {[%clk 1:30:16]} e6
{[%clk 1:28:22]} 3. Nc3 {[%clk 1:30:40]} Bb4 {[%clk 1:28:21]} 4. Qc2
{[%clk 1:30:59]} d6 {[%clk 1:28:19]} 5. Bd2 {[%clk 1:31:12]} O-O {[%clk 1:20:29]}
6. a3 {[%clk 1:31:23]} Bxc3 {[%clk 1:20:51]} 7. Bxc3 {[%clk 1:31:43]} b6
{[%clk 1:17:21]} 8. e4 {[%clk 1:31:31]} Bb7 {[%clk 1:08:21]} 9. Bd3
{[%clk 1:31:29]} c5 {[%clk 1:07:44]} 10. d5 {[%clk 1:31:32]} Nbd7
{[%clk 1:03:36]} 11. Ne2 {[%clk 1:31:11]} exd5 {[%clk 0:59:15]} 12. exd5
{[%clk 1:31:32]} Ne5 {[%clk 0:49:29]} 13. O-O {[%clk 1:28:37]} Re8
{[%clk 0:49:27]} 14. Ng3 {[%clk 1:27:06]} b5 {[%clk 0:48:27]} 15. b3
{[%clk 1:27:05]} a5 {[%clk 0:43:27]} 16. a4 {[%clk 1:23:48]} bxc4
{[%clk 0:43:18]} 17. bxc4 {[%clk 1:24:12]} Ba6 {[%clk 0:43:38]} 18. Rfe1
{[%clk 1:18:46]} Rb8 {[%clk 0:38:50]} 19. Bf1 {[%clk 1:16:58]} Bc8
{[%clk 0:30:24]} 20. f4 {[%clk 1:14:24]} Ned7 {[%clk 0:29:17]} 21. Nf5
{[%clk 0:58:17]} Nf8 {[%clk 0:28:23]} 22. Rxe8 {[%clk 0:51:50]} Nxe8
{[%clk 0:28:42]} 23. Ng3 {[%clk 0:48:38]} Ng6 {[%clk 0:28:11]} 24. Re1
{[%clk 0:47:14]} Bd7 {[%clk 0:27:03]} 25. Qd2 {[%clk 0:45:59]} Bxa4
{[%clk 0:24:41]} 26. Bxa5 {[%clk 0:46:09]} Qf6 {[%clk 0:21:18]} 27. f5
{[%clk 0:45:50]} Ne5 {[%clk 0:21:03]} 28. Bc3 {[%clk 0:44:59]} Qh4
{[%clk 0:20:29]} 29. Bxe5 {[%clk 0:36:24]} dxe5 {[%clk 0:20:50]} 30. Ne4
{[%clk 0:36:14]} Bd7 {[%clk 0:16:58]} 31. Nxc5 {[%clk 0:30:47]} Bxf5
{[%clk 0:17:17]} 32. Rxe5 {[%clk 0:30:14]} Nd6 {[%clk 0:13:21]} 33. Qf2
{[%clk 0:28:33]} Qf6 {[%clk 0:10:22]} 34. Re1 {[%clk 0:26:57]} Rc8
{[%clk 0:09:30]} 35. Nb3 {[%clk 0:23:19]} g6 {[%clk 0:09:38]} 36. c5
{[%clk 0:21:16]} Rb8 {[%clk 0:07:37]} 37. cxd6 {[%clk 0:17:50]} Rxb3
{[%clk 0:08:00]} 38. d7 {[%clk 0:18:05]} Kg7 {[%clk 0:07:56]} 39. Re8
{[%clk 0:18:30]}  1-0

[Event "Summer Prague Open 2022 - A"]
[Site "Olympik hotel, Sokolovska 138, Praha"]
[Date "2022.08.10"]
[Round "7"]
[Board "9"]
[White "Hrabusa, Matej"]
[Black "Kambrath, Yannick"]
[Result "1/2-1/2"]
[WhiteElo "2354"]
[BlackElo "2401"]
[PlyCount "0"]
[EventDate "2022.08.05"]
[EventRounds "9"]
[EventCountry "CZE"]

1. d4 {[%clk 1:30:57]} d5 {[%clk 1:26:50]} 2. c4 {[%clk 1:31:21]} e6
{[%clk 1:27:12]} 3. Nf3 {[%clk 1:31:43]} Nf6 {[%clk 1:26:33]} 4. g3
{[%clk 1:32:07]} Bb4+ {[%clk 1:26:09]} 5. Nbd2 {[%clk 1:32:12]} dxc4
{[%clk 1:24:58]} 6. Bg2 {[%clk 1:32:28]} b5 {[%clk 1:23:25]} 7. O-O
{[%clk 1:32:40]} a5 {[%clk 1:22:48]} 8. a3 {[%clk 1:31:03]} Be7 {[%clk 1:21:04]}
9. b3 {[%clk 1:29:31]} cxb3 {[%clk 1:10:27]} 10. Qxb3 {[%clk 1:29:03]} c6
{[%clk 1:10:23]} 11. Ne5 {[%clk 1:26:50]} Bb7 {[%clk 1:07:09]} 12. Bb2
{[%clk 1:25:23]} O-O {[%clk 1:05:07]} 13. Rfc1 {[%clk 1:19:38]} Ra6
{[%clk 1:01:42]} 14. a4 {[%clk 1:10:59]} Rb6 {[%clk 0:52:31]} 15. axb5
{[%clk 1:04:18]} Rxb5 {[%clk 0:51:26]} 16. Qc2 {[%clk 0:58:00]} c5
{[%clk 0:33:09]} 17. Bxb7 {[%clk 0:56:28]} Rxb7 {[%clk 0:33:32]} 18. Ndc4
{[%clk 0:53:36]} Ra7 {[%clk 0:32:31]} 19. dxc5 {[%clk 0:45:28]} Bxc5
{[%clk 0:31:00]} 20. Nd3 {[%clk 0:44:56]} Be7 {[%clk 0:28:23]} 21. Qa4
{[%clk 0:41:05]} Qd5 {[%clk 0:23:31]} 22. Nxa5 {[%clk 0:36:19]} Bd8
{[%clk 0:21:23]} 23. Rc5 {[%clk 0:33:21]} Qa8 {[%clk 0:20:54]} 24. Ne5
{[%clk 0:28:36]} Nbd7 {[%clk 0:16:48]} 25. Nxd7 {[%clk 0:27:19]} Nxd7
{[%clk 0:17:15]} 26. Rb5 {[%clk 0:26:14]} Bf6 {[%clk 0:15:57]} 27. Bxf6
{[%clk 0:21:45]} Nxf6 {[%clk 0:16:13]}  1/2-1/2

[Event "Summer Prague Open 2022 - A"]
[Site "Olympik hotel, Sokolovska 138, Praha"]
[Date "2022.08.10"]
[Round "7"]
[Board "11"]
[White "Neuman, Petr"]
[Black "Karas, Marek"]
[Result "1-0"]
[WhiteElo "2393"]
[BlackElo "2275"]
[PlyCount "0"]
[EventDate "2022.08.05"]
[EventRounds "9"]
[EventCountry "CZE"]

1. c4 {[%clk 1:30:55]} Nf6 {[%clk 1:30:14]} 2. Nc3 {[%clk 1:30:30]} e5
{[%clk 1:30:01]} 3. e3 {[%clk 1:30:34]} Bb4 {[%clk 1:30:22]} 4. Nge2
{[%clk 1:30:27]} O-O {[%clk 1:30:33]} 5. a3 {[%clk 1:30:09]} Be7 {[%clk 1:30:50]}
6. d4 {[%clk 1:30:17]} exd4 {[%clk 1:31:13]} 7. Qxd4 {[%clk 1:30:30]} c6
{[%clk 1:31:29]} 8. Nf4 {[%clk 1:29:31]} Na6 {[%clk 1:29:11]} 9. b4
{[%clk 1:26:16]} c5 {[%clk 1:29:21]} 10. bxc5 {[%clk 1:26:14]} Nxc5
{[%clk 1:29:33]} 11. Qd1 {[%clk 1:26:13]} Nce4 {[%clk 1:19:37]} 12. Bd2
{[%clk 1:17:42]} Nxc3 {[%clk 1:10:54]} 13. Bxc3 {[%clk 1:14:15]} Ne4
{[%clk 1:11:08]} 14. Bb4 {[%clk 1:12:48]} Bxb4+ {[%clk 1:02:53]} 15. axb4
{[%clk 1:12:07]} Qf6 {[%clk 1:03:08]} 16. Bd3 {[%clk 1:10:34]} g5
{[%clk 0:53:33]} 17. O-O {[%clk 1:07:45]} gxf4 {[%clk 0:52:51]} 18. Bxe4
{[%clk 1:08:08]} Qe5 {[%clk 0:45:49]} 19. Qg4+ {[%clk 1:06:27]} Kh8
{[%clk 0:46:17]} 20. Qxf4 {[%clk 1:06:47]} Qxf4 {[%clk 0:46:40]} 21. exf4
{[%clk 1:07:13]} Re8 {[%clk 0:46:15]} 22. Bd5 {[%clk 1:07:26]} Kg7
{[%clk 0:46:04]} 23. g4 {[%clk 1:02:10]} d6 {[%clk 0:45:43]} 24. f5
{[%clk 1:02:36]} Kf6 {[%clk 0:43:57]} 25. Kg2 {[%clk 1:00:41]} a6
{[%clk 0:44:03]} 26. Kg3 {[%clk 1:00:30]} Rb8 {[%clk 0:43:05]} 27. Rad1
{[%clk 0:59:45]} Re5 {[%clk 0:42:07]} 28. Kf4 {[%clk 0:53:05]} b5
{[%clk 0:40:26]} 29. c5 {[%clk 0:48:39]} Bxf5 {[%clk 0:39:58]} 30. cxd6
{[%clk 0:44:53]} Bd7 {[%clk 0:36:00]} 31. Rfe1 {[%clk 0:40:11]} Rxe1
{[%clk 0:33:38]} 32. Rxe1 {[%clk 0:40:25]} Rb6 {[%clk 0:33:42]} 33. g5+
{[%clk 0:40:31]} Kg6 {[%clk 0:33:56]} 34. Re7 {[%clk 0:40:33]} Rxd6
{[%clk 0:32:34]} 35. Bxf7+ {[%clk 0:40:47]} Kg7 {[%clk 0:32:55]} 36. Be8+
{[%clk 0:41:09]}  1-0